Une minute d'humour
Đã lưu trong:
| Hovedforfatter: | |
|---|---|
| Format: | Bog |
| Sprog: | Undetermined |
| Udgivet: |
Canada
Bellarmin
1990
|
| Fag: | |
| Tags: |
Tilføj Tag
Ingen Tags, Vær først til at tagge denne postø!
|
| Thư viện lưu trữ: | Trung tâm Học liệu Trường Đại học Cần Thơ |
|---|
| LEADER | 00504nam a2200181Ia 4500 | ||
|---|---|---|---|
| 001 | CTU_41485 | ||
| 008 | 210402s9999 xx 000 0 und d | ||
| 082 | |a 242 | ||
| 082 | |b M527 | ||
| 100 | |a Anthony de Mello | ||
| 245 | 0 | |a Une minute d'humour | |
| 245 | 0 | |c Anthony de Mello | |
| 260 | |a Canada | ||
| 260 | |b Bellarmin | ||
| 260 | |c 1990 | ||
| 650 | |a sagesse - religious aspects,meditations | ||
| 904 | |i Nguyễn Quang Điền, 010524 | ||
| 980 | |a Trung tâm Học liệu Trường Đại học Cần Thơ | ||